| 000 | 01424cam a2200361 a 4500 | ||
|---|---|---|---|
| 001 | 415 | ||
| 003 | FISKH | ||
| 005 | 20230410153816.0 | ||
| 008 | 061130s2006 nyu 000 0 eng | ||
| 010 | _a 2006286880 | ||
| 020 | _a0439854830 (pbk.) | ||
| 040 |
_aDLC _cDLC _dDLC _dFISKH _beng |
||
| 043 | _an-us--- | ||
| 050 | 0 | 0 |
_aCT107 _b.Z86 2006 |
| 082 | 0 | 0 |
_a920.0730835 _aB _222 |
| 100 | 1 | _aZullo, Allan. | |
| 245 | 1 | 4 |
_aThe rescuers : _bkids who risked everything to save others / _cAllan Zullo. |
| 260 |
_aNew York : _bScholastic. _c2006. |
||
| 300 |
_a135 pages. ; _c20 cm. |
||
| 490 | 0 | _aTen true tales | |
| 505 | _aO | ||
| 520 | _aIn these stories of bravery and unselfishness from the "Ten True Tales" series, middle and high school kids show that they have the insight and determination to do the right thing to save lives. | ||
| 521 | 8 |
_a840
_bLexile |
|
| 521 | 8 |
_aO
_bRaz-Plus |
|
| 650 | 0 |
_aHeroes _zUnited States _vJuvenile literature. |
|
| 650 | 0 |
_aChildren _zUnited States _vJuvenile literature. |
|
| 650 | 0 |
_aLifesaving _zUnited States _vJuvenile literature. |
|
| 650 | 0 |
_aCourage _xJuvenile literature. |
|
| 856 | 4 | 1 |
_3Table of contents only _uhttp://www.loc.gov/catdir/toc/fy0714/2006286880.html |
| 906 |
_a7 _bcbc _corignew _d2 _encip _f20 _gy-gencatlg |
||
| 942 |
_2ddc _cBK _n0 |
||
| 999 |
_c415 _d415 |
||